[Event "Superettan(Orebro-Manhem II)"]
[Site "?"]
[Date "2014.03.08"]
[Round "8"]
[White "Selimian, Hrayr"]
[Black "Eriksson, Mats"]
[Result "1-0"]
[WhiteElo "2090"]
[BlackElo "1994"]
[PlyCount "59"]

1. d4 d5 2. Nf3 Nf6 3. c4 c6 4. g3 Bf5 5. Bg2 e6 6. O-O h6 7. Bf4 Bd6 8. Bxd6
Qxd6 9. Qb3 Qc7 10. Nc3 O-O 11. Rfc1 Qb6 12. Qa3 Nbd7 13. Na4 Qa6 14. cxd5 exd5
15. Qb3 Rab8 16. Bf1 Qa5 17. a3 Rfe8 18. Nc5 Ne4 19. Nxd7 Bxd7 20. Ne5 Be6 21.
Qc2 f6 22. b4 Qd8 23. Nd3 Nd6 24. a4 a6 25. Qb3 Bf5 26. Nc5 Kh8 27. e3 Ra8 28.
b5 axb5 29. axb5 Bd7 30. Rxa8 1-0

[Event "Superettan(Orebro-Manhem II)"]
[Site "?"]
[Date "2014.03.08"]
[Round "8"]
[White "Kenani, Dariush"]
[Black "Sparv, Joakim"]
[Result "1-0"]
[WhiteElo "2035"]
[BlackElo "1975"]
[PlyCount "102"]

1. d4 d5 2. Nf3 Nf6 3. e3 e6 4. c4 Be7 5. Nc3 c6 6. Bd3 dxc4 7. Bxc4 b5 8. Bd3
a6 9. O-O Bb7 10. a4 O-O 11. b3 Bb4 12. Na2 Be7 13. Bb2 b4 14. Rc1 Qb6 15. Rc2
Nbd7 16. Nc1 Rfd8 17. Rd2 Rac8 18. Qe2 c5 19. e4 cxd4 20. Bxd4 Bc5 21. Bb2 Nf8
22. Ne5 Ng6 23. Nc4 Qc7 24. Re1 Bd4 25. Bxd4 Rxd4 26. f3 e5 27. g3 Rcd8 28. Qe3
Nd7 29. Rc2 Nc5 30. Be2 a5 31. Nb2 Qb6 32. Kf2 Ne6 33. Nc4 Qc7 34. Na3 Qe7 35.
Nb5 R4d7 36. Nd3 Nd4 37. Nxd4 exd4 38. Qc1 h5 39. Rc5 h4 40. Bf1 Ba6 41. Rxa5
Bxd3 42. Bxd3 Rc7 43. Qg5 Qxg5 44. Rxg5 Rc3 45. Bc4 Kf8 46. Rf5 f6 47. e5 d3
48. exf6 Rc2+ 49. Ke3 Rc3 50. fxg7+ Kxg7 51. Rd5 h3 1-0

[Event "Superettan(Orebro-Manhem II)"]
[Site "?"]
[Date "2014.03.08"]
[Round "8"]
[White "Gummesson, Anton"]
[Black "Bergre, Joachim"]
[Result "0-1"]
[WhiteElo "1963"]
[BlackElo "2035"]
[PlyCount "56"]

1. e4 d6 2. d4 g6 3. Nc3 Bg7 4. Be3 a6 5. f4 b5 6. Bd3 Bb7 7. Nf3 Nd7 8. e5 c5
9. Be4 Qc8 10. Qd2 b4 11. Nd5 e6 12. Nf6+ Ngxf6 13. exf6 Nxf6 14. Bxb7 Qxb7 15.
O-O c4 16. c3 Rb8 17. f5 Ne4 18. Qe2 exf5 19. Qxc4 O-O 20. Qd3 bxc3 21. bxc3
Qc6 22. c4 Rfc8 23. Rac1 Qa4 24. Rc2 Rb7 25. g4 d5 26. gxf5 Rxc4 27. Rxc4 Qxc4
28. Rc1 Qxd3 0-1

[Event "Superettan(Rockaden,Umea-Kamraterna)"]
[Site "?"]
[Date "2014.03.08"]
[Round "8"]
[White "Hamark, Jesper"]
[Black "Petrov, Marijan"]
[Result "1/2-1/2"]
[WhiteElo "2408"]
[BlackElo "2550"]
[PlyCount "103"]

1. Nf3 g6 2. e4 Bg7 3. d4 d6 4. h3 Nf6 5. Nc3 O-O 6. Be3 c6 7. a4 Nbd7 8. a5
Qc7 9. Be2 e5 10. dxe5 dxe5 11. O-O Rd8 12. Qb1 Nf8 13. Qa2 Be6 14. Qa3 h6 15.
Nd2 Ne8 16. f4 exf4 17. Bxf4 Qc8 18. Nf3 g5 19. Bh2 Ng6 20. Rae1 Bf8 21. Qa1
Bb4 22. Bd3 Ng7 23. Ne5 Nf4 24. Bxf4 gxf4 25. a6 b5 26. Qc1 Qc7 27. Nf3 Nh5 28.
Kh2 Kh8 29. e5 Rg8 30. Nd4 Bxc3 31. bxc3 Bd5 32. Be4 Qxe5 33. Bf3 Qg5 34. Bxd5
Qxd5 35. Nf3 Rae8 36. Rf2 Qc5 37. Rfe2 Rxe2 38. Rxe2 Qd6 39. c4 bxc4 40. Qb2+
Kh7 41. Qb7 Qc5 42. Re5 Qf2 43. Qxf7+ Kh8 44. Ng5 Qg3+ 45. Kh1 Rxg5 46. Re8+
Rg8 47. Rxg8+ Qxg8 48. Qxh5 Qe6 49. Qc5 Qe1+ 50. Kh2 Qg3+ 51. Kh1 Qe1+ 52. Kh2
1/2-1/2

[Event "Superettan(Rockaden,Umea-Kamraterna)"]
[Site "?"]
[Date "2014.03.08"]
[Round "8"]
[White "Wickstrom, Lucas"]
[Black "Svensson, Bengt"]
[Result "0-1"]
[WhiteElo "2416"]
[BlackElo "2399"]
[PlyCount "82"]

1. d4 Nf6 2. c4 g6 3. Nc3 d5 4. Nf3 Bg7 5. Bg5 Ne4 6. Bh4 Nxc3 7. bxc3 c5 8. e3
Nc6 9. Rb1 O-O 10. Be2 dxc4 11. Bxc4 Qa5 12. Qd2 cxd4 13. cxd4 e5 14. d5 e4 15.
Qxa5 Nxa5 16. Nd2 Nxc4 17. Nxc4 Bc3+ 18. Ke2 b6 19. Rhc1 Bg7 20. f3 exf3+ 21.
gxf3 f6 22. Kf2 Rd8 23. e4 Ba6 24. Ne3 Rac8 25. e5 g5 26. e6 gxh4 27. Nf5 Rxc1
28. Rxc1 Bd3 29. Nd6 Bf8 30. Nc8 Bc5+ 31. Rxc5 bxc5 32. d6 Bb5 33. Nxa7 Rxd6
34. Nxb5 Rxe6 35. Nc7 Rb6 36. a4 Rb2+ 37. Ke3 Rxh2 38. Ne6 Ra2 39. Nxc5 h3 40.
Ne4 h2 41. Ng3 Rg2 0-1

[Event "Superettan(Rockaden,Umea-Kamraterna)"]
[Site "?"]
[Date "2014.03.08"]
[Round "8"]
[White "Aberg, Anton"]
[Black "Malmstig, Erik"]
[Result "1-0"]
[WhiteElo "2418"]
[BlackElo "2309"]
[PlyCount "81"]

1. d4 Nf6 2. c4 c5 3. e3 e6 4. Nf3 Be7 5. Be2 O-O 6. O-O d5 7. cxd5 Qxd5 8. Nc3
Qd8 9. e4 cxd4 10. Nxd4 e5 11. Nf5 Bxf5 12. exf5 Qxd1 13. Bxd1 Nc6 14. g4 h6
15. Kg2 Rfd8 16. h3 Nd5 17. Nxd5 Rxd5 18. Bf3 Rd6 19. Be3 Nd4 20. Bxb7 Rb8 21.
Be4 Rxb2 22. Rfb1 Rbb6 23. Rxb6 axb6 24. Rc1 Bd8 25. Rc8 Kf8 26. f4 f6 27. fxe5
fxe5 28. h4 Kf7 29. g5 hxg5 30. hxg5 Rd7 31. Kg3 Ke7 32. Kg4 Rd6 33. Rc1 Ne2
34. Rc2 Nf4 35. Rh2 Rd7 36. Rh7 Kf8 37. Rh8+ Kf7 38. Bc2 Nd5 39. Bb3 Ke7 40.
Bc1 Kd6 41. Ba4 1-0

[Event "Superettan(Rockaden,Umea-Kamraterna)"]
[Site "?"]
[Date "2014.03.08"]
[Round "8"]
[White "Forsberg, Viktor"]
[Black "Mohammadi, Amir"]
[Result "1-0"]
[WhiteElo "2367"]
[BlackElo "2287"]
[PlyCount "65"]

1. e4 c5 2. Nf3 e6 3. Nc3 d6 4. d4 cxd4 5. Nxd4 Nf6 6. Be2 Be7 7. O-O a6 8. Be3
O-O 9. a4 Nc6 10. f4 Bd7 11. Nb3 Rc8 12. a5 Qc7 13. g4 d5 14. Bb6 Qb8 15. exd5
Nxd5 16. Nxd5 exd5 17. Qxd5 Be6 18. Qe4 Nb4 19. Nd4 Qd6 20. Nxe6 Qxe6 21. Qxe6
fxe6 22. c4 Bd8 23. c5 Bxb6 24. cxb6 Rc2 25. Bf3 Rxf4 26. Bxb7 Rxg4+ 27. Kh1
Nd3 28. Bxa6 Nc5 29. Bb5 Rb4 30. a6 Rbxb2 31. Bc6 Rxh2+ 32. Kg1 Rh5 33. Bg2 1-0

[Event "Superettan(Rockaden,Umea-Kamraterna)"]
[Site "?"]
[Date "2014.03.08"]
[Round "8"]
[White "Svenn, Matti"]
[Black "Eriksson, Jorgen"]
[Result "0-1"]
[WhiteElo "2219"]
[BlackElo "2274"]
[PlyCount "100"]

1. d4 d5 2. Nf3 c6 3. g3 Bf5 4. Bg2 h6 5. O-O Nf6 6. b3 e6 7. c4 Nbd7 8. Nc3
Ne4 9. Nxe4 Bxe4 10. Ne1 Bxg2 11. Nxg2 Bd6 12. Bf4 Qe7 13. Re1 Nf6 14. Qc1 O-O
15. a3 e5 16. dxe5 Bxe5 17. Bxe5 Qxe5 18. cxd5 Nxd5 19. e4 Nf6 20. Qf4 Rfe8 21.
Qxe5 Rxe5 22. f3 Rb5 23. Rab1 Rd8 24. Rb2 a5 25. Kf2 Kf8 26. Ke2 Ke7 27. Ne3 g6
28. Rd1 Rxd1 29. Nxd1 Nd7 30. Nc3 Rc5 31. Nd1 Rc1 32. Nf2 Ra1 33. a4 Nc5 34.
Nd3 Kd6 35. e5+ Kd5 36. Nxc5 Kxc5 37. Rd2 Rb1 38. Rd3 b5 39. axb5 cxb5 40. Kd2
Rb2+ 41. Kc1 Rxh2 42. f4 Kb4 43. Kb1 h5 44. Kc1 Rf2 45. Re3 h4 46. gxh4 Rxf4
47. Kc2 Rxh4 48. Re2 Rf4 49. Kb2 g5 50. Kc2 g4 0-1

[Event "Superettan(Rockaden,Umea-Kamraterna)"]
[Site "?"]
[Date "2014.03.08"]
[Round "8"]
[White "Lindgren, Fredrik"]
[Black "Andersson, Johan"]
[Result "1/2-1/2"]
[WhiteElo "2270"]
[BlackElo "2214"]
[PlyCount "37"]

1. d4 d6 2. Nf3 f5 3. g3 Nf6 4. Bg2 g6 5. O-O Bg7 6. c3 O-O 7. Qb3+ Kh8 8. Ng5
d5 9. Bf4 Nc6 10. Be5 e6 11. f4 Nxe5 12. dxe5 Ng4 13. Nf3 Ne3 14. Re1 Nxg2 15.
Kxg2 b6 16. Na3 Bb7 17. Red1 Re8 18. h4 h6 19. Qc2 1/2-1/2

[Event "Superettan(Rockaden,Umea-Kamraterna)"]
[Site "?"]
[Date "2014.03.08"]
[Round "8"]
[White "Borvander, Tom"]
[Black "Magnussen, Helge"]
[Result "1-0"]
[WhiteElo "2214"]
[BlackElo "2113"]
[PlyCount "67"]

1. d4 Nf6 2. c4 c5 3. d5 e6 4. Nc3 exd5 5. cxd5 d6 6. Nf3 g6 7. Nd2 Bg7 8. e4
O-O 9. Be2 Re8 10. O-O Na6 11. f3 Nc7 12. a4 b6 13. Nc4 Ba6 14. Bg5 h6 15. Bh4
Qd7 16. g4 Nh7 17. Qd2 Nf8 18. Kh1 g5 19. Bg3 Bxc4 20. Bxc4 Ng6 21. Nd1 a6 22.
Ne3 b5 23. axb5 axb5 24. Be2 Kh7 25. Nf5 Be5 26. Bxe5 Rxe5 27. Rxa8 Nxa8 28.
Ra1 Re8 29. Ra6 Rb8 30. Qc3 Ne5 31. Rxd6 Qe8 32. Rxh6+ Kg8 33. Qxc5 Nxg4 34.
Qg1 1-0

[Event "Superettan(Rockaden,Umea-Kamraterna)"]
[Site "?"]
[Date "2014.03.08"]
[Round "8"]
[White "Nygren, David"]
[Black "Nyberg, Ulf"]
[Result "1-0"]
[WhiteElo "2212"]
[BlackElo "2161"]
[PlyCount "137"]

1. e4 d6 2. d4 g6 3. Nf3 Bg7 4. c3 Nf6 5. Bd3 O-O 6. O-O Nc6 7. h3 e5 8. Re1
exd4 9. cxd4 Nb4 10. Nc3 Nxd3 11. Qxd3 c6 12. Bf4 d5 13. e5 Bf5 14. Qd1 Ne4 15.
Nxe4 dxe4 16. Nh2 Qd5 17. Nf1 Rad8 18. Ne3 Qxd4 19. Nxf5 gxf5 20. Qh5 Bxe5 21.
Rad1 Qxd1 22. Rxd1 Bxf4 23. Rxd8 Rxd8 24. g3 Bc7 25. Qxf5 Bb6 26. Kg2 Rd4 27.
h4 h6 28. Qf4 Kg7 29. g4 e3 30. Qe5+ Kg8 31. fxe3 Rxg4+ 32. Kf3 Rg6 33. e4 Rg1
34. Qb8+ Kg7 35. Qxb7 Rf1+ 36. Kg4 Rg1+ 37. Kf5 Rg6 38. e5 Re6 39. Qd7 Bf2 40.
Kg4 Kg6 41. h5+ Kg7 42. Kf3 Bc5 43. Ke4 Bg1 44. a4 Bc5 45. Kf5 a5 46. Qd8 Bb4
47. Ke4 Be1 48. Kd4 Bf2+ 49. Ke4 Be1 50. Qd1 Bb4 51. Kd4 Kf8 52. Qg4 Ke7 53.
Qh4+ Kd7 54. b3 Ba3 55. Kc4 Rxe5 56. Qf4 Rc5+ 57. Kd3 Rd5+ 58. Ke2 Rg5 59.
Qxf7+ Be7 60. Qf4 Ke6 61. Qc7 Re5+ 62. Kd3 Kf5 63. Qxc6 Bf6 64. Qg2 Bg5 65.
Qf3+ Bf4 66. Kd4 Re8 67. Qd3+ Kf6 68. Qg6+ Ke7 69. Qe4+ 1-0

[Event "Superettan(Schack 08-Limhamn II)"]
[Site "?"]
[Date "2014.03.08"]
[Round "8"]
[White "Eklund, Joel"]
[Black "Ingbrant, Johan"]
[Result "0-1"]
[WhiteElo "2255"]
[BlackElo "2430"]
[PlyCount "86"]

1. d4 d5 2. Bg5 c5 3. dxc5 f6 4. Bh4 e5 5. e4 dxe4 6. Qxd8+ Kxd8 7. Nc3 Bxc5 8.
O-O-O+ Bd7 9. Nxe4 Be7 10. Bc4 Kc7 11. Ne2 Bc6 12. N2c3 Nh6 13. f3 Nd7 14. Nd5+
Bxd5 15. Bxd5 Nb6 16. Be6 Rad8 17. g4 Rhf8 18. Rxd8 Bxd8 19. Rd1 Re8 20. Bb3
Be7 21. Bf2 f5 22. gxf5 Nxf5 23. Nc5 Bf6 24. Bf7 Re7 25. Bg8 h6 26. c3 Bg5+ 27.
Kb1 Be3 28. Bxe3 Nxe3 29. Re1 Ned5 30. Nd3 Kd6 31. Kc2 a5 32. b3 Nf6 33. Bc4
Nxc4 34. bxc4 e4 35. c5+ Kd5 36. Kb3 g5 37. Nf2 e3 38. Nd3 Nh5 39. Kc2 Kc4 40.
Rg1 Nf4 41. Ne1 Rd7 42. h4 Rd2+ 43. Kb1 Kxc3 0-1

[Event "Superettan(Schack 08-Limhamn II)"]
[Site "?"]
[Date "2014.03.08"]
[Round "8"]
[White "Rosberg, Simon"]
[Black "Holst, Conny"]
[Result "0-1"]
[WhiteElo "2252"]
[BlackElo "2261"]
[PlyCount "84"]

1. Nf3 Nf6 2. c4 c5 3. Nc3 e6 4. e4 Nc6 5. Be2 a6 6. O-O Qc7 7. d4 cxd4 8. Nxd4
Nxd4 9. Qxd4 Bc5 10. Qd3 b6 11. Kh1 Bb7 12. f4 h5 13. Bf3 Ng4 14. Nd1 O-O-O 15.
Bd2 g5 16. b4 Be7 17. c5 bxc5 18. bxc5 gxf4 19. Bxg4 hxg4 20. Bxf4 Qc6 21. Rb1
f5 22. Ne3 fxe4 23. Qd2 Bxc5 24. Rfc1 d6 25. Nc4 e3 26. Qe2 e5 27. Bg3 Qe4 28.
Rb3 Rh7 29. Nxe3 Rc7 30. Rc4 Bd4 31. Rxc7+ Kxc7 32. Be1 Rf8 33. Ba5+ Kc8 34.
Qc4+ Qc6 35. Qe6+ Qd7 36. Qxd7+ Kxd7 37. Rxb7+ Ke6 38. Bd2 Rf2 39. Be1 Re2 40.
Bg3 Bxe3 41. Rb3 Bc5 42. a3 Ra2 0-1

[Event "Superettan(Schack 08-Limhamn II)"]
[Site "?"]
[Date "2014.03.08"]
[Round "8"]
[White "Schutz, Ingemar"]
[Black "Tadjerbashi, Amir"]
[Result "1/2-1/2"]
[WhiteElo "2238"]
[BlackElo "2230"]
[PlyCount "135"]

1. e4 e5 2. Nf3 Nc6 3. Bb5 a6 4. Ba4 Nf6 5. O-O Be7 6. Re1 b5 7. Bb3 O-O 8. d3
d6 9. c3 Bg4 10. Nbd2 Na5 11. Bc2 c5 12. h3 Be6 13. d4 cxd4 14. cxd4 exd4 15.
Nxd4 Bd7 16. Nf1 Nc6 17. Bf4 Rc8 18. Ne3 Nxd4 19. Qxd4 Be6 20. Rad1 Ne8 21. Bb1
Bf6 22. e5 Bg5 23. exd6 Bxf4 24. Qxf4 Nf6 25. Bf5 Qd7 26. Bxe6 fxe6 27. Qe5 Rc6
28. Ng4 Nxg4 29. hxg4 Rd8 30. Qxe6+ Qxe6 31. Rxe6 Kf7 32. Re7+ Kf8 33. Ra7
Rcxd6 34. Rxd6 Rxd6 35. b3 h6 36. f3 g5 37. Kh2 Kg8 38. Kh3 Rf6 39. Re7 Rc6 40.
Ra7 Rf6 41. Re7 Rc6 42. Re2 Kf7 43. g3 Rc3 44. Kg2 a5 45. f4 gxf4 46. gxf4 a4
47. Re5 axb3 48. Rxb5 bxa2 49. Ra5 Rc2+ 50. Kf3 Rb2 51. Ra6 Rb3+ 52. Kg2 Rb2+
53. Kh3 Rb3+ 54. Kh4 Rb2 55. Ra7+ Kf6 56. Ra6+ Kf7 57. Ra7+ Kf6 58. Ra6+ Kf7
59. g5 hxg5+ 60. Kxg5 Rf2 61. Kf5 Ke7 62. Ra7+ Kd6 63. Kg5 Ke6 64. Ra6+ Kf7 65.
Kf5 Ke7 66. Ke5 Re2+ 67. Kf5 Rf2 68. Ra7+ 1/2-1/2

[Event "Superettan(Schack 08-Limhamn II)"]
[Site "?"]
[Date "2014.03.08"]
[Round "8"]
[White "Wakeham, Daniel"]
[Black "Renman, Nils-Gustaf"]
[Result "1/2-1/2"]
[WhiteElo "2081"]
[BlackElo "2386"]
[PlyCount "81"]

1. d4 e6 2. Nf3 f5 3. d5 exd5 4. Qxd5 d6 5. g3 Nf6 6. Qb3 c6 7. Bg2 Na6 8. c4
g6 9. Be3 Bg7 10. Nc3 Qe7 11. O-O O-O 12. Rad1 Nc5 13. Qc2 Be6 14. b3 Kh8 15.
Bg5 h6 16. Bc1 Bg8 17. Bb2 Bh7 18. b4 Nce4 19. Nxe4 fxe4 20. Nd4 g5 21. e3 Rae8
22. Rd2 Ng4 23. Bh3 Ne5 24. Ne6 Nf3+ 25. Kg2 Bxb2 26. Qxb2+ Kg8 27. Nxf8 Qxf8
28. Bg4 Nxd2 29. Qxd2 Qf6 30. Qd4 Qxd4 31. exd4 Kf7 32. Re1 Kf6 33. Re3 Bg8 34.
Be2 d5 35. c5 Be6 36. f3 exf3+ 37. Bxf3 Rb8 38. Rc3 Bf5 39. Kf2 Rd8 40. a4 a6
41. Re3 1/2-1/2

[Event "Superettan(Schack 08-Limhamn II)"]
[Site "?"]
[Date "2014.03.08"]
[Round "8"]
[White "Ottenklev, Niclas"]
[Black "Ollen, Martin"]
[Result "0-1"]
[WhiteElo "2199"]
[BlackElo "2121"]
[PlyCount "58"]

1. e4 c5 2. Nc3 Nc6 3. f4 g6 4. Nf3 Bg7 5. Bb5 a6 6. Bxc6 dxc6 7. d3 Nf6 8. O-O
O-O 9. Qe1 Qc7 10. Qh4 b5 11. f5 gxf5 12. Bh6 Bxh6 13. Qxh6 Ng4 14. Qh4 f6 15.
Rae1 e5 16. h3 Qg7 17. hxg4 f4 18. g5 Be6 19. Kf2 c4 20. dxc4 Qa7+ 21. Ke2 Rad8
22. Nd5 cxd5 23. Qf2 Qc7 24. exd5 Qxc4+ 25. Kd1 Rxd5+ 26. Kc1 Qxa2 27. Nd2 Rxd2
28. Kxd2 Rd8+ 29. Ke2 Bg4+ 0-1

[Event "Superettan(Schack 08-Limhamn II)"]
[Site "?"]
[Date "2014.03.08"]
[Round "8"]
[White "Karlsson, Ulf"]
[Black "Arvidsson, Tomas"]
[Result "0-1"]
[WhiteElo "2069"]
[BlackElo "1962"]
[PlyCount "108"]

1. e4 c5 2. Nc3 Nc6 3. g3 g6 4. Bg2 Bg7 5. d3 e6 6. f4 d6 7. Nf3 Nge7 8. O-O
O-O 9. Bd2 d5 10. Rb1 d4 11. Ne2 b5 12. g4 Rb8 13. Ng3 f5 14. h3 c4 15. Qe2 c3
16. bxc3 dxc3 17. Be3 Nd4 18. Qf2 Nxf3+ 19. Bxf3 a5 20. Kh2 fxg4 21. hxg4 Nc6
22. e5 Nb4 23. Rxb4 axb4 24. Ba7 Bb7 25. Bxb8 Rxf4 26. Qe3 Rxf3 27. Rxf3 Bxf3
28. Qxf3 Qxb8 29. d4 Qa7 30. Qd3 Qxa2 31. Qxb5 Qxc2+ 32. Kh3 Qb3 33. Qe8+ Bf8
34. Ne4 c2+ 35. Kh4 Qf3 36. Nf6+ Qxf6+ 37. exf6 c1=Q 38. Qxe6+ Kh8 39. Qe5 Qh1+
40. Kg3 Qg1+ 41. Kh3 Qf1+ 42. Kg3 Qd3+ 43. Kg2 Qc2+ 44. Kh3 Qc3+ 45. Kg2 Qc6+
46. d5 Qd6 47. Qd4 h6 48. Kf3 Kg8 49. Ke4 Kf7 50. Qa7+ Kxf6 51. Qf2+ Kg7 52.
Qb2+ Kf7 53. Qf2+ Qf6 54. Qa7+ Qe7+ 0-1

[Event "Superettan(Schack 08-Limhamn II)"]
[Site "?"]
[Date "2014.03.08"]
[Round "8"]
[White "Faldt, Magnus"]
[Black "Nilsson, Patrik"]
[Result "1-0"]
[WhiteElo "2159"]
[BlackElo "2080"]
[PlyCount "109"]

1. d4 Nf6 2. c4 g6 3. Nc3 Bg7 4. e4 d6 5. Nf3 O-O 6. h3 Na6 7. Bg5 c6 8. Be2
Qa5 9. O-O e5 10. d5 Qc7 11. Nd2 h6 12. Be3 cxd5 13. cxd5 Bd7 14. Rc1 Qd8 15.
a3 Qe8 16. b4 Nc7 17. Nc4 Nb5 18. Nxb5 Bxb5 19. Nxd6 Bxe2 20. Nxe8 Bxd1 21.
Nxf6+ Bxf6 22. Rfxd1 Kg7 23. Rc7 Rfb8 24. a4 Bd8 25. Rc3 b6 26. Rc6 h5 27. f4
f6 28. fxe5 fxe5 29. b5 a6 30. Bc1 axb5 31. axb5 Ra4 32. d6 Rxe4 33. d7 Be7 34.
Rc8 Rb7 35. d8=Q Bxd8 36. Rdxd8 Rf7 37. Rg8+ Kf6 38. Rc6+ Kf5 39. Kf2 Rb4 40.
Rgxg6 Rxb5 41. Rxb6 Rc5 42. Rgc6 Ra5 43. Rc2 Ra8 44. Re2 Ra1 45. Bb2 Kg5+ 46.
Ke3 Ra4 47. Rb5 Rff4 48. Rxe5+ Kh4 49. Re6 Rfc4 50. Bf6+ Kg3 51. Be5+ Kh4 52.
Kf2 Kg5 53. Bg3 Ra5 54. R6e5+ Rxe5 55. Rxe5+ 1-0

[Event "Superettan(Sollentuna-Solna)"]
[Site "?"]
[Date "2014.03.08"]
[Round "8"]
[White "Johansson, Gunnar"]
[Black "Tsyhanchuk, Stanislav"]
[Result "0-1"]
[WhiteElo "2291"]
[BlackElo "2416"]
[PlyCount "164"]
[SourceDate "2014.03.22"]

1. d4 Nf6 2. c4 Nc6 3. Nf3 e6 4. a3 d6 5. Nc3 g6 6. e4 Bg7 7. Be2 O-O 8. O-O
Re8 9. h3 e5 10. dxe5 Nxe5 11. Nxe5 Rxe5 12. Bf4 Re8 13. e5 dxe5 14. Qxd8 Rxd8
15. Bxe5 c6 16. Rad1 Re8 17. f4 Be6 18. Kf2 h5 19. Kg3 Rad8 20. b3 Bf5 21. Rxd8
Rxd8 22. Rd1 Re8 23. Bd3 Bc8 24. Bc2 g5 25. fxg5 Rxe5 26. gxf6 Re3+ 27. Kh2
Rxc3 28. fxg7 Bxh3 29. Rd3 Rxd3 30. Bxd3 Bg4 31. Kg3 Kxg7 32. Kf4 Kf6 33. b4
Ke6 34. g3 b6 35. Be4 c5 36. b5 Kf6 37. Bd3 Bd1 38. Bf1 Ke6 39. Bd3 f6 40. Bf1
Bg4 41. Bd3 Bd1 42. Bf1 Bc2 43. Be2 Bg6 44. Bf1 Kd6 45. Be2 Kc7 46. Ke3 Kb8 47.
Kd2 a6 48. bxa6 Ka7 49. Kc3 Kxa6 50. Bf1 Bf5 51. Be2 Bg4 52. Bf1 Ka5 53. Kb3
Be6 54. Kb2 Bg4 55. Kb3 f5 56. Bd3 f4 57. gxf4 h4 58. f5 h3 59. f6 Be6 60. Kc3
h2 61. Be4 Ka4 62. Bf3 Kxa3 63. Bc6 Bf7 64. Be4 Ka4 65. Bc6+ Ka5 66. Bb7 Be6
67. Bc6 Ka6 68. Be4 Ka7 69. Kd3 Kb8 70. Ke3 Kc7 71. Kf2 Kd6 72. Kg2 Bxc4 73.
Kxh2 Ke5 74. Bd3 Bf7 75. Kg3 c4 76. Bb1 b5 77. Kf3 Kd4 78. Ke2 Kc3 79. Ke3 Kb2
80. Bh7 c3 81. Kd4 b4 82. Kc5 b3 0-1

[Event "Superettan(Sollentuna-Solna)"]
[Site "?"]
[Date "2014.03.08"]
[Round "8"]
[White "Poley, Vladimir"]
[Black "Karlsson, Tomas"]
[Result "1/2-1/2"]
[WhiteElo "2415"]
[BlackElo "2329"]
[PlyCount "138"]

1. Nf3 d5 2. b3 Nf6 3. Bb2 e6 4. e3 c5 5. d4 Nc6 6. Bd3 Be7 7. O-O O-O 8. Nbd2
b6 9. Ne5 Qc7 10. a3 Nd7 11. Nxc6 Qxc6 12. c4 cxd4 13. cxd5 exd5 14. Bxd4 Bf6
15. Nf3 Qd6 16. Qc2 Bxd4 17. Nxd4 Nf6 18. Rfc1 Bd7 19. Qc7 Qxc7 20. Rxc7 Rfd8
21. Ba6 Ne8 22. Rc2 Nd6 23. Rd1 Rab8 24. Nc6 Bxc6 25. Rxc6 Ne4 26. b4 Rd7 27.
Bc8 Rd6 28. Rc7 a5 29. Bb7 axb4 30. axb4 Nf6 31. Kf1 Kf8 32. Ba6 b5 33. Bc8 d4
34. Bf5 Ne8 35. Rd7 Rxd7 36. Bxd7 dxe3 37. fxe3 Rd8 38. Ke2 Nc7 39. Rd4 Ke7 40.
Bf5 Rxd4 41. exd4 Nd5 42. Kd2 Nxb4 43. Be4 Ke6 44. Kc3 Nd5+ 45. Kb3 g6 46. Bd3
Nc7 47. Be4 f5 48. Bf3 Kd6 49. Kb4 Ne6 50. Kc3 b4+ 51. Kxb4 Nxd4 52. Ba8 Ke5
53. Kc4 h5 54. Kd3 h4 55. Ke3 h3 56. gxh3 g5 57. Bb7 Ne6 58. Kf3 Nf4 59. Kg3
Kd4 60. Bc8 Ke4 61. Bd7 Ng6 62. Be8 Ne5 63. Kf2 Nd3+ 64. Kg2 Nf4+ 65. Kg3 Ke3
66. h4 Ne2+ 67. Kg2 Nf4+ 68. Kg3 Ne2+ 69. Kg2 Nf4+ 1/2-1/2

[Event "Superettan(Sollentuna-Solna)"]
[Site "?"]
[Date "2014.03.08"]
[Round "8"]
[White "Landgren, Andreas"]
[Black "Kassani, Sam"]
[Result "1/2-1/2"]
[WhiteElo "2285"]
[BlackElo "2239"]
[PlyCount "145"]

1. d4 d5 2. c4 c6 3. Nf3 Nf6 4. Nc3 dxc4 5. a4 Bf5 6. Ne5 Nbd7 7. Nxc4 Nb6 8.
Ne5 a5 9. g3 e6 10. Bg2 Bb4 11. O-O O-O 12. e3 h6 13. Qe2 Nfd7 14. Nxd7 Nxd7
15. Rd1 Qe7 16. Na2 e5 17. Nxb4 axb4 18. dxe5 Nxe5 19. e4 Bg4 20. f3 Be6 21.
Be3 Rfd8 22. Qc2 Nc4 23. Bf2 Qf6 24. Rab1 b3 25. Qxb3 Nd2 26. Qxb7 Nxb1 27.
Rxb1 Rxa4 28. Qxc6 Rda8 29. Qc1 Bb3 30. f4 Qa6 31. e5 Rc8 32. Qe1 Qd3 33. Bf1
Qc2 34. Bg2 Rac4 35. Be3 Ba2 36. Rd1 Qxb2 37. Bh3 Re8 38. Bf5 Rc7 39. Bd4 Qb7
40. Be4 Qc8 41. Qe3 Be6 42. Ra1 Qd7 43. Bb6 Rc4 44. Bd3 Rb4 45. Rd1 Qb7 46. Bc5
Bh3 47. Bf1 Bxf1 48. Rxf1 Rb3 49. Qe2 Qd5 50. Bf2 Rd3 51. Qc2 Rd8 52. Re1 Ra8
53. f5 Ra2 54. Qc5 Qf3 55. e6 fxe6 56. fxe6 Rd1 57. Rxd1 Qxd1+ 58. Kg2 Qe2 59.
Qf5 Ra7 60. Qd5 Ra6 61. e7+ Kh7 62. Qf5+ Rg6 63. h4 h5 64. e8=Q Qxe8 65. Qxh5+
Kg8 66. Qd5+ Re6 67. Kh2 Kh8 68. Kg2 Re5 69. Qf3 Qe6 70. Qa8+ Kh7 71. Qf3 Re4
72. Qh5+ Kg8 73. Qf3 1/2-1/2

[Event "Superettan(Sollentuna-Solna)"]
[Site "?"]
[Date "2014.03.08"]
[Round "8"]
[White "Aroven, Mikael"]
[Black "Steneskog, Per"]
[Result "1-0"]
[WhiteElo "2197"]
[BlackElo "2266"]
[PlyCount "79"]

1. c4 c5 2. g3 Nc6 3. Bg2 e6 4. Nf3 Nf6 5. O-O d5 6. cxd5 exd5 7. d4 Be7 8. Nc3
O-O 9. Bg5 cxd4 10. Nxd4 h6 11. Bf4 Bg4 12. h3 Be6 13. a3 Qd7 14. Kh2 Rfd8 15.
Qd3 Na5 16. Ncb5 a6 17. Nc7 Rac8 18. Ncxe6 fxe6 19. Qg6 Qe8 20. Qxe8+ Rxe8 21.
Nxe6 Nc4 22. b3 Nxa3 23. Nc7 Red8 24. Rad1 d4 25. Ne6 d3 26. exd3 Rd7 27. Be5
Rc2 28. d4 Rc3 29. d5 Rxb3 30. d6 Rb6 31. dxe7 Rxe7 32. Bxf6 gxf6 33. Rd8+ Kf7
34. Nf4 Rb2 35. Bd5+ Kg7 36. Rg8+ Kh7 37. Nh5 Rb6 38. Rc1 Nb5 39. Rcc8 Nd4 40.
Nf4 1-0

[Event "Superettan(Sollentuna-Solna)"]
[Site "?"]
[Date "2014.03.08"]
[Round "8"]
[White "Lundvik, Jonas"]
[Black "Jakenberg, Jussi"]
[Result "1/2-1/2"]
[WhiteElo "2238"]
[BlackElo "2088"]
[PlyCount "107"]

1. d4 Nf6 2. Nf3 e6 3. g3 b6 4. Bg2 Bb7 5. O-O Be7 6. c4 c6 7. Nc3 d5 8. cxd5
cxd5 9. Ne5 O-O 10. Bf4 Nfd7 11. e4 Nxe5 12. Bxe5 dxe4 13. Nxe4 Nc6 14. Qg4
Nxe5 15. dxe5 Bxe4 16. Qxe4 Rc8 17. Rad1 Qc7 18. Qe2 Rfd8 19. Be4 Rxd1 20. Rxd1
Rd8 21. Rxd8+ Qxd8 22. Kg2 g6 23. Qd3 Qxd3 24. Bxd3 h5 25. Ba6 Bc5 26. f4 Kf8
27. Kf3 Ke7 28. Ke4 Bg1 29. h3 Bf2 30. Kf3 Be1 31. g4 hxg4+ 32. hxg4 Bd2 33.
Ke4 Bc1 34. b4 Ba3 35. b5 Bb2 36. Bb7 Bc1 37. Kf3 Bd2 38. Be4 Bc1 39. Bd3 Bd2
40. Ke4 Bc1 41. Bc2 Bd2 42. f5 gxf5+ 43. gxf5 exf5+ 44. Kxf5 Bc3 45. Bb3 Bb2
46. Ke4 Bc3 47. Kd5 Bb2 48. Bc2 Bc3 49. Bf5 Bb2 50. Bh3 Bc3 51. e6 fxe6+ 52.
Bxe6 Ba5 53. Bh3 Kf6 54. Kc6 1/2-1/2

[Event "Superettan(Sollentuna-Solna)"]
[Site "?"]
[Date "2014.03.08"]
[Round "8"]
[White "Duenas, Alexis"]
[Black "Lindborg, Petter"]
[Result "0-1"]
[WhiteElo "2083"]
[BlackElo "2246"]
[PlyCount "98"]

1. d4 e6 2. Nf3 f5 3. g3 Nf6 4. Bg2 Be7 5. O-O O-O 6. c4 d6 7. Nc3 Ne4 8. Qc2
Nxc3 9. Qxc3 a5 10. a3 Nc6 11. e3 a4 12. Qc2 e5 13. d5 Nb8 14. Bd2 Nd7 15. Bb4
b6 16. Nd2 Nc5 17. Bxc5 bxc5 18. Nb1 Bd7 19. Nc3 e4 20. f3 exf3 21. Rxf3 Bf6
22. Raf1 Qe7 23. Kh1 Rfb8 24. Nb5 Bxb5 25. cxb5 Rxb5 26. Qxf5 Rxb2 27. h4 Rb3
28. e4 Re8 29. Qg4 Rxf3 30. Qxf3 Rf8 31. Bh3 g6 32. Be6+ Kg7 33. Qd1 Qe8 34.
Kg2 c4 35. Qc2 c3 36. Kh3 Be5 37. Qe2 Rxf1 38. Qxf1 Qf8 39. Qe2 Qb8 40. Qc4 Qb6
41. Qf1 Bf6 42. Qc4 Qc5 43. Qxa4 c2 44. Qd7+ Kh6 45. Qf7 c1=Q 46. Qxf6 Qh1+ 47.
Kg4 Qxe4+ 48. Kh3 Qce3 49. Qf8+ Kh5 0-1

[Event "Superettan(Sollentuna-Solna)"]
[Site "?"]
[Date "2014.03.08"]
[Round "8"]
[White "Wallgren, Ulf"]
[Black "Ahfeldt, Joel"]
[Result "1-0"]
[WhiteElo "2105"]
[BlackElo "1510"]
[PlyCount "29"]

1. e4 c5 2. Nf3 Nc6 3. d4 cxd4 4. Nxd4 e5 5. Nb5 a6 6. Nd6+ Bxd6 7. Qxd6 Qf6 8.
Qd1 Qg6 9. Nc3 Nge7 10. h4 h5 11. Bg5 O-O 12. Be2 f6 13. Bxh5 Qh7 14. Be3 Rd8
15. Bb6 1-0